000 00666nam a22001937a 4500
999 _c13809
_d13809
008 190417b ||||| |||| 00| 0 eng d
020 _a9781606496619
082 _22013
_aAV-Eb 006.3
_bM685
100 _aMizrahi,Janet.
_938378
245 _aWeb content :
_ba writer's guide /
_cJanet Mizrahi
260 _bBusiness Expert Press,
_c©2013.
300 _a120 pages;
500 _aIncludes index.
650 _acontent provider digital content Online authorship.
_938379
650 _aweb communication
_938380
650 _aweb content
_938381
856 _yhttps://ebookcentral.proquest.com/lib/uniofmindanao-ebooks/detail.action?docID=1364064
942 _2ddc
_cEB